<?xml version="1.0" encoding="UTF-8"?>
<record
    xmlns:xsi="http://www.w3.org/2001/XMLSchema-instance"
    xsi:schemaLocation="http://www.loc.gov/MARC21/slim http://www.loc.gov/standards/marcxml/schema/MARC21slim.xsd"
    xmlns="http://www.loc.gov/MARC21/slim">

  <leader>01918nam a22002537a 4500</leader>
  <controlfield tag="003">NALT</controlfield>
  <controlfield tag="005">20251125233137.0</controlfield>
  <controlfield tag="008">171102b        th ||||| |||| 00| 0 tha d</controlfield>
  <datafield tag="040" ind1=" " ind2=" ">
    <subfield code="a">NALT</subfield>
  </datafield>
  <datafield tag="090" ind1=" " ind2=" ">
    <subfield code="a">KD 214.1</subfield>
    <subfield code="b">&#xE2A;226&#xE01; 2559</subfield>
  </datafield>
  <datafield tag="100" ind1="0" ind2=" ">
    <subfield code="a">&#xE2D;&#xE38;&#xE21;&#xE32;&#xE1E;&#xE23; &#xE1A;&#xE36;&#xE07;&#xE21;&#xE38;&#xE21;</subfield>
    <subfield code="9">19516</subfield>
  </datafield>
  <datafield tag="245" ind1="1" ind2="0">
    <subfield code="a">&#xE01;&#xE2D;&#xE07;&#xE17;&#xE38;&#xE19;&#xE40;&#xE1E;&#xE37;&#xE48;&#xE2D;&#xE1C;&#xE39;&#xE49;&#xE40;&#xE04;&#xE22;&#xE40;&#xE1B;&#xE47;&#xE19;&#xE2A;&#xE21;&#xE32;&#xE0A;&#xE34;&#xE01;&#xE23;&#xE31;&#xE10;&#xE2A;&#xE20;&#xE32; /</subfield>
    <subfield code="c">&#xE2D;&#xE38;&#xE21;&#xE32;&#xE1E;&#xE23; &#xE1A;&#xE36;&#xE07;&#xE21;&#xE38;&#xE21; ; &#xE08;&#xE31;&#xE14;&#xE17;&#xE33;&#xE42;&#xE14;&#xE22; &#xE2A;&#xE33;&#xE19;&#xE31;&#xE01;&#xE07;&#xE1A;&#xE1B;&#xE23;&#xE30;&#xE21;&#xE32;&#xE13;&#xE02;&#xE2D;&#xE07;&#xE23;&#xE31;&#xE10;&#xE2A;&#xE20;&#xE32; &#xE2A;&#xE33;&#xE19;&#xE31;&#xE01;&#xE07;&#xE32;&#xE19;&#xE40;&#xE25;&#xE02;&#xE32;&#xE18;&#xE34;&#xE01;&#xE32;&#xE23;&#xE2A;&#xE20;&#xE32;&#xE1C;&#xE39;&#xE49;&#xE41;&#xE17;&#xE19;&#xE23;&#xE32;&#xE29;&#xE0E;&#xE23;.</subfield>
  </datafield>
  <datafield tag="246" ind1="1" ind2="4">
    <subfield code="a">&#xE23;&#xE32;&#xE22;&#xE07;&#xE32;&#xE19;&#xE27;&#xE34;&#xE0A;&#xE32;&#xE01;&#xE32;&#xE23;&#xE2A;&#xE33;&#xE19;&#xE31;&#xE01;&#xE07;&#xE1A;&#xE1B;&#xE23;&#xE30;&#xE21;&#xE32;&#xE13;&#xE02;&#xE2D;&#xE07;&#xE23;&#xE31;&#xE10;&#xE2A;&#xE20;&#xE32; &#xE09;&#xE1A;&#xE31;&#xE1A;&#xE17;&#xE35;&#xE48; 5/2559 : &#xE01;&#xE2D;&#xE07;&#xE17;&#xE38;&#xE19;&#xE40;&#xE1E;&#xE37;&#xE48;&#xE2D;&#xE1C;&#xE39;&#xE49;&#xE40;&#xE04;&#xE22;&#xE40;&#xE1B;&#xE47;&#xE19;&#xE2A;&#xE21;&#xE32;&#xE0A;&#xE34;&#xE01;&#xE23;&#xE31;&#xE10;&#xE2A;&#xE20;&#xE32;</subfield>
  </datafield>
  <datafield tag="260" ind1=" " ind2=" ">
    <subfield code="a">&#xE01;&#xE23;&#xE38;&#xE07;&#xE40;&#xE17;&#xE1E;&#xE2F; :</subfield>
    <subfield code="b">&#xE2A;&#xE33;&#xE19;&#xE31;&#xE01;&#xE07;&#xE1A;&#xE1B;&#xE23;&#xE30;&#xE21;&#xE32;&#xE13;&#xE02;&#xE2D;&#xE07;&#xE23;&#xE31;&#xE10;&#xE2A;&#xE20;&#xE32; &#xE2A;&#xE33;&#xE19;&#xE31;&#xE01;&#xE07;&#xE32;&#xE19;&#xE40;&#xE25;&#xE02;&#xE32;&#xE18;&#xE34;&#xE01;&#xE32;&#xE23;&#xE2A;&#xE20;&#xE32;&#xE1C;&#xE39;&#xE49;&#xE41;&#xE17;&#xE19;&#xE23;&#xE32;&#xE29;&#xE0E;&#xE23;,</subfield>
    <subfield code="c">2559.</subfield>
  </datafield>
  <datafield tag="300" ind1=" " ind2=" ">
    <subfield code="a">1 &#xE40;&#xE25;&#xE48;&#xE21; (&#xE2B;&#xE19;&#xE49;&#xE32;&#xE44;&#xE21;&#xE48;&#xE40;&#xE23;&#xE35;&#xE22;&#xE07;&#xE25;&#xE33;&#xE14;&#xE31;&#xE1A;) :</subfield>
    <subfield code="b">&#xE15;&#xE32;&#xE23;&#xE32;&#xE07; ;</subfield>
    <subfield code="c">30 &#xE0B;&#xE21;.</subfield>
  </datafield>
  <datafield tag="610" ind1="2" ind2="4">
    <subfield code="a">&#xE01;&#xE2D;&#xE07;&#xE17;&#xE38;&#xE19;&#xE40;&#xE1E;&#xE37;&#xE48;&#xE2D;&#xE1C;&#xE39;&#xE49;&#xE40;&#xE04;&#xE22;&#xE40;&#xE1B;&#xE47;&#xE19;&#xE2A;&#xE21;&#xE32;&#xE0A;&#xE34;&#xE01;&#xE23;&#xE31;&#xE10;&#xE2A;&#xE20;&#xE32;</subfield>
    <subfield code="9">19649</subfield>
  </datafield>
  <datafield tag="610" ind1="2" ind2="4">
    <subfield code="a">&#xE01;&#xE2D;&#xE07;&#xE17;&#xE38;&#xE19;&#xE2D;&#xE14;&#xE35;&#xE15;&#xE2A;&#xE21;&#xE32;&#xE0A;&#xE34;&#xE01;&#xE23;&#xE31;&#xE10;&#xE2A;&#xE20;&#xE32;</subfield>
    <subfield code="z">&#xE2A;&#xE2B;&#xE23;&#xE31;&#xE10;&#xE2D;&#xE40;&#xE21;&#xE23;&#xE34;&#xE01;&#xE32;</subfield>
    <subfield code="9">19650</subfield>
  </datafield>
  <datafield tag="710" ind1="2" ind2=" ">
    <subfield code="a">&#xE2A;&#xE33;&#xE19;&#xE31;&#xE01;&#xE07;&#xE32;&#xE19;&#xE40;&#xE25;&#xE02;&#xE32;&#xE18;&#xE34;&#xE01;&#xE32;&#xE23;&#xE2A;&#xE20;&#xE32;&#xE1C;&#xE39;&#xE49;&#xE41;&#xE17;&#xE19;&#xE23;&#xE32;&#xE29;&#xE0E;&#xE23;. </subfield>
    <subfield code="b">&#xE2A;&#xE33;&#xE19;&#xE31;&#xE01;&#xE07;&#xE1A;&#xE1B;&#xE23;&#xE30;&#xE21;&#xE32;&#xE13;&#xE02;&#xE2D;&#xE07;&#xE23;&#xE31;&#xE10;&#xE2A;&#xE20;&#xE32;</subfield>
    <subfield code="9">3737</subfield>
  </datafield>
  <datafield tag="850" ind1=" " ind2=" ">
    <subfield code="a">NALT</subfield>
  </datafield>
  <datafield tag="856" ind1="4" ind2="0">
    <subfield code="u">https://hdl.handle.net/20.500.14156/476809</subfield>
  </datafield>
  <datafield tag="942" ind1=" " ind2=" ">
    <subfield code="c">RSH</subfield>
    <subfield code="2">local</subfield>
  </datafield>
  <datafield tag="999" ind1=" " ind2=" ">
    <subfield code="c">93927</subfield>
    <subfield code="d">93927</subfield>
  </datafield>
  <datafield tag="998" ind1=" " ind2=" ">
    <subfield code="j">111</subfield>
    <subfield code="k"> &#xE19;&#xE32;&#xE07;&#xE2A;&#xE32;&#xE27;&#xE1E;&#xE08;&#xE1E;&#xE34;&#xE13;  &#xE1E;&#xE23;&#xE21;&#xE40;&#xE2D;&#xE35;&#xE48;&#xE22;&#xE21;</subfield>
  </datafield>
  <datafield tag="952" ind1=" " ind2=" ">
    <subfield code="0">0</subfield>
    <subfield code="1">0</subfield>
    <subfield code="2">local</subfield>
    <subfield code="4">0</subfield>
    <subfield code="7">0</subfield>
    <subfield code="8">CRSH</subfield>
    <subfield code="a">NALT</subfield>
    <subfield code="b">NALT</subfield>
    <subfield code="c">RSH</subfield>
    <subfield code="d">2017-11-02</subfield>
    <subfield code="l">2</subfield>
    <subfield code="m">1</subfield>
    <subfield code="o">&#xE27; KD 214.1 &#xE2D;846&#xE01; 2559</subfield>
    <subfield code="p">3961207539</subfield>
    <subfield code="r">2025-03-19 00:00:00</subfield>
    <subfield code="s">2025-03-05</subfield>
    <subfield code="w">2017-11-02</subfield>
    <subfield code="y">RSH</subfield>
  </datafield>
</record>
